Legal reforms in Japan during the allied occupation : A collection of essays from the Washington Law Review
Bewaard in:
| Formaat: | Boek |
|---|---|
| Taal: | Undetermined |
| Gepubliceerd in: |
Washington
Washington law Review
1951
|
| Onderwerpen: | |
| Tags: |
Voeg label toe
Geen labels, Wees de eerste die dit record labelt!
|
| Thư viện lưu trữ: | Trung tâm Học liệu Trường Đại học Cần Thơ |
|---|
| LEADER | 00610nam a2200205Ia 4500 | ||
|---|---|---|---|
| 001 | CTU_107272 | ||
| 008 | 210402s9999 xx 000 0 und d | ||
| 082 | |a 340.30952 | ||
| 082 | |b L496 | ||
| 245 | 0 | |a Legal reforms in Japan during the allied occupation : | |
| 245 | 2 | |b A collection of essays from the Washington Law Review | |
| 260 | |a Washington | ||
| 260 | |b Washington law Review | ||
| 260 | |c 1951 | ||
| 650 | |a Law reform,Japan | ||
| 650 | |x History,History,Allied occupation | ||
| 650 | |y 1945-1952 | ||
| 650 | |z Japan | ||
| 904 | |i Truc | ||
| 980 | |a Trung tâm Học liệu Trường Đại học Cần Thơ | ||